<?xml version="1.0" encoding="UTF-8"?><?xml-stylesheet type="text/xsl" href="static/style.xsl"?><OAI-PMH xmlns="http://www.openarchives.org/OAI/2.0/" xmlns:xsi="http://www.w3.org/2001/XMLSchema-instance" xsi:schemaLocation="http://www.openarchives.org/OAI/2.0/ http://www.openarchives.org/OAI/2.0/OAI-PMH.xsd"><responseDate>2026-04-18T23:26:51Z</responseDate><request verb="GetRecord" identifier="oai:riubu.ubu.es:10259/9143" metadataPrefix="marc">https://riubu.ubu.es/oai/request</request><GetRecord><record><header><identifier>oai:riubu.ubu.es:10259/9143</identifier><datestamp>2024-07-16T11:52:52Z</datestamp><setSpec>com_10259_9397</setSpec><setSpec>com_10259_5087</setSpec><setSpec>com_10259_2728</setSpec><setSpec>col_10259_9398</setSpec></header><metadata><record xmlns="http://www.loc.gov/MARC21/slim" xmlns:doc="http://www.lyncode.com/xoai" xmlns:xsi="http://www.w3.org/2001/XMLSchema-instance" xmlns:dcterms="http://purl.org/dc/terms/" xsi:schemaLocation="http://www.loc.gov/MARC21/slim http://www.loc.gov/standards/marcxml/schema/MARC21slim.xsd">
<leader>00925njm 22002777a 4500</leader>
<datafield tag="042" ind1=" " ind2=" ">
<subfield code="a">dc</subfield>
</datafield>
<datafield tag="720" ind1=" " ind2=" ">
<subfield code="a">Fernández González, Esther</subfield>
<subfield code="e">author</subfield>
</datafield>
<datafield tag="520" ind1=" " ind2=" ">
<subfield code="a">Corn is presently one of the most expensively cultivated cereals worldwide, resulting in significant agricultural solid residues. The corncob waste is considered a by-product due to its phenolic fraction rich in phenolic acids and flavonoids that could be substitute synthetic functional additives in various food and pharmaceutical applications. This study has been focused on investigating different extraction processes and operating conditions to recover the phenolic fraction from corncob waste, followed by an identification study to valorise the final extracts. The experiments were conducted using bath extraction with rotary agitation and ultrasound-assisted extraction. The solvent was ethanol, water, and various ethanol-water mixtures. Ultrasonication has been more effective than rotatory agitation, ensuring higher extraction yields in a much shorter contact time. The presence of kaempferol, p-coumaric acid and ethyl-ferulate has been identified in the phenolic profile of all extracts from the treatment of corncob waste with ethanol solvents. The response surface methodology with a Box-Behnken desing (BBD) has been employed to analyse the combined effect of contact time, solid waste amount and ethanol fraction in the solvent on the extraction efficiency. Kinetic experiments were also performed with the optimal solvent selected from the BBD to examine maximising extraction of p-coumaric acid, kempferol and ethyl-ferulate.</subfield>
</datafield>
<datafield tag="024" ind2=" " ind1="8">
<subfield code="a">http://hdl.handle.net/10259/9143</subfield>
</datafield>
<datafield ind1=" " ind2=" " tag="653">
<subfield code="a">Corncob waste</subfield>
</datafield>
<datafield ind1=" " ind2=" " tag="653">
<subfield code="a">Phenolic compounds</subfield>
</datafield>
<datafield ind1=" " ind2=" " tag="653">
<subfield code="a">Bath extraction</subfield>
</datafield>
<datafield ind1=" " ind2=" " tag="653">
<subfield code="a">Ultrasound-assisted extraction</subfield>
</datafield>
<datafield tag="245" ind1="0" ind2="0">
<subfield code="a">Estudio de la extracción de compuestos fenólicos de residuos agrarios de mazorca de maíz mediante la metodología de superficie de respuesta</subfield>
</datafield>
</record></metadata></record></GetRecord></OAI-PMH>